000 00684nam a2200181Ia 4500
008 151018s9999 xx 000 0 und d
082 _bRBASDV63293
_a352
100 _aदगडू पवार
245 _aग्रामविकासाची गुरुकिल्ली
250 _b1
260 _b"निखील प्रकाशन, कोल्हापूर"
_c2014
300 _a80
600 _aदगडू पवार
630 _aग्रामविकासाची गुरुकिल्ली
700 _aदगडू पवार
730 _aग्रामविकासाची गुरुकिल्ली
942 _cBOOK
999 _c1055636
_d1055633